000 01408na a2200361 4500
001 12803
003 MIRAKIL
005 20181213155255.0
008 160827b tu 000 0
020 _a9756857544
035 _a12803
040 _aMilas
_btur
_cTR-AnCHP
041 _atur
_aeng
082 _a306.09561
_bS58 2011
090 _a306.09561 S58 2011
245 _aSivil toplum gözüyle Türkiye kültür politikası raporu : konferans konuşmaları (25-26 Mart 2011) ve özet rapor
_b= Turkish cultural policy report : a civil perspective
_ceditör Serhan Ada
246 _aSivil toplum gözüyle Türkiye kültür politikası
246 _aTurkish cultural policy report : a civil perspective
260 _aİstanbul
_bİstanbul Bilgi Üniversitesi Yayınları
_c2011
300 _a289 s.
_btbl.
_c23 sm
490 _aKültürel İncelemeler
_v8
490 _aİstanbul Bilgi Üniversitesi yayınları
_v356
504 _aKaynakça ve dizin var.
650 _aKültür
_xToplantılar
650 _aSiyasal kültür
_xToplantılar
650 _aKültür politikası
_xHukuk ve mevzuat
_yToplantılar
650 _aSiyaset ve kültür
_xToplantılar
_zTürkiye
650 _aKültür politikası
_xToplantılar
_zTürkiye
650 _aSosyal politika
_xToplantılar
_zTürkiye
651 _aTürkiye
_xKültür politikası
_yToplantılar
700 _aAda, Serhan
942 _2ddc
_cBKS
999 _c9719
_d9719